000 00698nam a2200217 i 4500
001 130142
003 ES-MaACL
005 20231027063023.0
007 t|
008 070719s1968 sp ||||1| spa d
100 1 _aZweig, Stefan,
_d1881-1942
_9118562
245 1 0 _aLegado de Europa /
_cStefan Zweig ; [traducción de Mariano Orta Manzano y Tomás Lamarca].
250 _a[1ª ed.].
260 _aBarcelona :
_bJuventud,
_c[1968] (
_fAtenas)
300 _a238 p. :
_bil. ;
_c22 cm.
651 4 _aEuropa-
_xCivilización.
_98584
700 1 _aOrta Manzano, Mariano.
_987384
700 1 _aLamarca, Tomás.
_969766
852 _aES-MaACL
_jC-35183
_bR.66273
999 _c130142
_d130142